| 000 | 00482nam a2200169 4500 | ||
|---|---|---|---|
| 003 | SEACOMEC | ||
| 005 | 20240614133305.0 | ||
| 008 | 240614b |||||||| |||| 00| 0 eng d | ||
| 020 | _a978-9353433130 | ||
| 040 | _aSEACOMEC | ||
| 082 |
_a621.815 _bS765 |
||
| 100 | _a Spotts , M. F. | ||
| 245 |
_aDESIGN OF MACHINE ELEMENTS _c M. F. Spotts , Terry E. Shoup and L. E. Hornberge |
||
| 260 |
_aDelhi _bPearson Education _c2005 |
||
| 300 |
_a736p _c20.3 x 25.4 x 4.7 cm |
||
| 942 | _cBOOK | ||
| 999 |
_c1336 _d1336 |
||